|
|
|
|
| LEADER |
00703cam a2200241 7i4500 |
| 001 |
0000036762 |
| 005 |
20220412090000.0 |
| 007 |
ta |
| 008 |
220217s2019 may |
| 020 |
|
|
|a 9789672102816
|
| 040 |
|
|
|a MATR
|
| 090 |
0 |
0 |
|a FM 899.2333
|b E-M
|
| 100 |
0 |
|
|a E-man Sufi
|e author
|
| 245 |
1 |
0 |
|a Seindah Tujuh Warna Pelangi
|c E-man Sufi.
|
| 264 |
|
0 |
|a Selangor:
|b Penulisan Enterprise,
|c 2019.
|
| 300 |
|
|
|a 457 pages;
|c 19 cm.
|
| 336 |
|
|
|a text
|2 rdacontent
|
| 337 |
|
|
|a unmediated
|2 rdamedia
|
| 338 |
|
|
|a volume
|2 rdacarrier
|
| 500 |
|
|
|a Screen adaption
|
| 650 |
0 |
0 |
|a Malay fiction
|
| 650 |
0 |
0 |
|a Malaysian fiction (Malay)
|
| 999 |
|
|
|a B000041670
|b Book
|c Book
|e Business Information Centre
|